01118nam a2200301 i 4500003000900000005001700009007000300026008004100029020001800070040003000088082001300118100004700131245010700178264003700285300003800322336002700360337003400387338002800421490003200449500006700481504003100548590002700579700004800606910001400654942001400668952011700682999001700799DO-SdBNP20240712081351.0ta240712b2013 sp c 001 0 spa d a9789995313944 aDO-SdBNPbspacBNPHUerda 4bN445222 aNeri Farina, Bernardoeautord1951-97464110aHeriberto Herrera : bel sargento de hierro /cBernardo Neri Farina ; prólogo Herib Caballero Campos aEspaña :bEl lector, c2013. a109 páginas :bretratosc19 cm. 2rdacontentatextobtxt 2rdamediaasin mediaciónbnc 2rdacarrieravolumenbnc1 aGente que hizo historiav17 aIncluye datos biografícos del autor en las paginas 106-108.  aBibliografía p: 104-105. aInventariado, 2024/ YL1 aCaballero Campos, Herib eprólogo 911936 aYlockward 2ddccLBS1 00102ddc56708GRaBNPHUbBNPHUcCTd2018-01-22eDonación l0oN445p2024-4365r2024-07-12w2024-07-12yLBS1 c57277d57277